[Event "Fagernes GM-A 2019"]
[Site "Fagernes"]
[Date "2019.04.14"]
[Round "1.11"]
[White "Lindbol, Aleksander"]
[Black "Hauge, Lars Oskar"]
[Result "0-1"]
[WhiteElo "2139"]
[BlackElo "2472"]
[Annotator "TA"]
[PlyCount "60"]
[EventDate "2019.04.14"]
[EventType "tourn"]
[EventCountry "NOR"]
[SourceTitle "playchess.com"]
[Source "ChessBase"]
[SourceQuality "1"]

{[%evp 17,60,28,50,15,41,38,79,37,39,17,41,-3,25,27,20,20,27,-44,0,-51,-41,-45,-35,-67,-10,-27,0,-64,-62,-73,-60,-122,-118,-115,-119,-140,-138,-158,-164,-173,-160,-166,-121,-175,-196]} 1. e4 e5 2. Nf3 Nc6 3. Bc4 Nf6 4. d3 h6 5. c3 d6 6. Bb3 g6 7. O-O Bg7 8. Re1 O-O 9. Nbd2 {[%cal Bb1d2,Bd2f1,Bf1g3][%mdl 32]} Kh7 10. Nf1 {C55: Two Knights: 4 d3, 4 d4 exd4 5 e5 and Max Lange Attack} (10. d4 Qe7 11. h3 Nh5 12. Nf1 Na5 13. Bc2 c5 14. dxc5 dxc5 15. Ne3 Nf4 16. Nd5 Nxd5 17. exd5 Nc4 {½-½ (45) Skripchenko,A (2399)-Kulon,K (2358) Monaco 2017}) 10... Ng8 11. Ng3 Be6 $146 ({Predecessor:} 11... f5 12. exf5 gxf5 13. Bc2 Kh8 14. h3 Qe8 15. d4 e4 16. Nh4 d5 17. f3 f4 18. fxe4 fxg3 19. exd5 Nce7 20. Ng6+ Qxg6 21. Bxg6 Nxg6 22. Qd3 Nh4 23. Qxg3 Nf5 24. Qxc7 {1-0 (24) Cordero Gonzalez,V (1627)-Moreno Marino,J (1546) Moniquira 2018}) 12. Bc2 {White is better.} d5 13. h4 Kh8 14. Be3 Bg4 15. Bc5 Re8 16. Bb3 Nf6 17. Ba3 (17. exd5 $11 Nxd5 18. d4) 17... Qd7 18. Qe2 ({Better is} 18. Nf1 $11) 18... Rad8 19. Rad1 a6 20. Bc2 Nh7 (20... Kg8 $15) 21. Bb3 Nf6 22. Bc2 Qe6 23. Bb3 Na5 24. exd5 (24. Bc2 $15) 24... Nxd5 $17 25. Bxd5 Qxd5 26. Qe4 Qd7 27. Qb4 b6 28. Qe4 f5 29. Qe2 Qc6 30. b4 (30. Nf1 $17 {was worth a try.}) 30... Qxc3 {Accuracy: White = 27%, Black = 36%.} 0-1

[Event "Fagernes GM-A 2019"]
[Site "Fagernes"]
[Date "2019.04.14"]
[Round "1.12"]
[White "Santarius, Erik"]
[Black "Abdrlauf, Elham"]
[Result "1-0"]
[WhiteElo "2411"]
[BlackElo "2123"]
[Annotator "TA"]
[PlyCount "89"]
[EventDate "2019.04.14"]
[EventType "tourn"]
[EventCountry "NOR"]
[SourceTitle "playchess.com"]
[Source "ChessBase"]
[SourceQuality "1"]

{[%evp 14,89,-4,0,-8,-9,-6,-7,-8,-10,-5,-19,0,0,5,2,2,0,12,21,21,21,14,0,131,-16,14,14,14,8,31,27,32,0,0,0,0,0,0,0,0,0,0,0,0,0,0,-5,0,0,0,0,43,42,44,41,111,88,191,184,191,171,366,363,354,326,359,311,377,370,362,362,359,356,341,344,344,318]} 1. d4 Nf6 2. g3 d5 3. Bg2 Bf5 4. Nf3 e6 5. O-O Be7 6. c4 c6 7. Nc3 O-O 8. Nd2 Nbd7 {D11: Slav Defence: 3 Nf3 sidelines and 3...Nf6 4 e3 Bg4} (8... Qb6 9. c5 Qa6 10. b4 b6 11. e4 Bg4 12. Qb3 bxc5 13. bxc5 Nbd7 14. h3 Bh5 15. e5 Ne8 16. Re1 {0-1 (60) Grooten,H (2384)-Van den Doel,E (2604) Netherlands 2018}) 9. e4 Nxe4 10. Ndxe4 dxe4 {The position is equal.} 11. Nxe4 Nf6 12. Nc3 Qd7 13. Qb3 Rab8 $146 ({Predecessor:} 13... Rfd8 14. h3 Qc7 15. Be3 Rd7 16. Rac1 {0-1 (72) Couche,J (2103)-Kirszenberg,M (2216) France 2008}) 14. Bf4 Bd6 15. Bg5 Be7 16. Rad1 b5 17. cxb5 cxb5 18. d5 b4 (18... Qc7 $11 {remains equal.}) 19. Ne2 ({Only move:} 19. dxe6 $16 Qc7 20. Bf4 bxc3 21. Bxc7 Rxb3 22. axb3) 19... Nxd5 20. Bxe7 Qxe7 21. Nd4 Qf6 22. Bxd5 exd5 23. Qf3 (23. Nxf5 {looks sharper.} Qxf5 24. Rxd5 Qe6 25. Rfd1 g6 26. h4) 23... Bd7 24. Qxf6 gxf6 25. Rd2 Rbc8 26. Rfd1 Rfe8 27. f3 Rc7 28. Kf2 Rec8 29. b3 a5 30. Ra1 Rc1 31. Rxc1 Rxc1 $11 {[%mdl 4096] Endgame KRB-KRN} 32. Ne2 Ra1 33. Rxd5 {[%mdl 64] [#] Double Attack} Be6 34. Rd2 a4 ({Better is} 34... Kf8 $14) 35. bxa4 $16 Rxa2 (35... Bxa2 $16 36. Rb2 Bd5) 36. Rxa2 $18 Bxa2 $16 {KB-KN} 37. Nc1 Bc4 $2 (37... Be6 38. Nd3 b3) 38. Ke3 $18 b3 {[#] Hoping for ...b2.} 39. Nd3 Kf8 40. Kd4 Be6 41. Kc3 Ke7 42. Nc5 Bd5 43. f4 ({Less strong is} 43. Nxb3 Bxf3 44. Nd2 Be2 $16) 43... Kd6 44. Nxb3 Bc6 45. a5 {Accuracy: White = 76%, Black = 39%.} 1-0

[Event "Fagernes GM-A 2019"]
[Site "Fagernes"]
[Date "2019.04.14"]
[Round "1.13"]
[White "Machlik, Edit"]
[Black "Mikalsen, Erlend"]
[Result "1/2-1/2"]
[WhiteElo "2109"]
[BlackElo "2397"]
[Annotator "TA"]
[PlyCount "150"]
[EventDate "2019.04.14"]
[EventType "tourn"]
[EventCountry "NOR"]
[SourceTitle "playchess.com"]
[Source "ChessBase"]
[SourceQuality "1"]

{[%evp 26,150,2,5,6,6,23,26,29,25,41,43,48,50,97,102,100,99,113,27,135,48,116,65,59,54,50,35,33,39,30,19,19,8,16,0,6,0,3,0,4,0,0,0,89,101,104,95,95,68,75,0,41,8,16,0,0,0,0,0,0,0,0,0,0,0,14,0,0,0,0,0,-6,-4,0,0,0,-9,-5,-5,-7,-5,0,0,0,0,0,0,0,0,365,339,485,491,490,487,407,455,476,433,493,485,29966,29965,29963,29962,29968,29968,29970,29971,29971,29972,29972,29973,29976,29977,29977,29970,29963,0,0,0,0,0,0,0,0]} 1. d4 Nf6 2. c4 e6 3. Nc3 Bb4 4. Qc2 O-O 5. a3 Bxc3+ 6. Qxc3 b6 7. Bg5 Bb7 8. f3 h6 9. Bh4 d5 10. e3 Nbd7 11. cxd5 Nxd5 12. Bxd8 Nxc3 13. Bh4 Nd5 14. Bf2 c5 {E32: Nimzo-Indian: Classical (4 Qc2): 4...0-0} 15. e4 Nf4 (15... Ne7 16. Ne2 Ba6 17. dxc5 Nxc5 18. Bxc5 bxc5 19. Nc3 Bxf1 20. Rxf1 Nc6 21. Na4 Ne5 22. Nxc5 {½-½ (43) L'Ami,E (2618)-Van Wely,L (2663) Wolvega 2014}) 16. Bb5 Rad8 {White has an edge.} 17. Ne2 Nxe2 18. Kxe2 f5 $146 ({Predecessor:} 18... cxd4 19. Bxd4 f5 20. Rhc1 Nc5 21. Bxc5 bxc5 22. exf5 Rxf5 {½-½ (40) Laghetti,G (2402)-De Jesus,G (2313) LSS email 2011}) 19. exf5 exf5 20. Rhd1 cxd4 21. Bxd4 Nb8 22. Rac1 (22. Kf2 $16) 22... Rc8 (22... Ba6 $11 23. Bxa6 Nxa6) 23. Bc3 (23. Kf2 $16) 23... Bc6 ({Better is} 23... Ba6 $14 24. a4 Rc7) 24. Bxc6 ({White should play} 24. Bd3 $16) 24... Rxc6 25. Rd5 Na6 26. Rd7 Rf7 27. Rcd1 Nc5 28. Rxf7 (28. Rd8+ {is more complex.} Kh7 29. R1d2 f4 30. Kf2 Rf5 31. Re2) 28... Kxf7 $11 {[%mdl 4096] Endgame KRB-KRN} 29. Rd4 a6 30. Kd1 g5 31. Rd5 Kg6 32. Rd8 Ne6 33. Rd7 b5 34. g4 h5 (34... fxg4 $11 35. fxg4 h5) 35. gxf5+ $16 Kxf5 36. Rf7+ Kg6 37. Rf6+ Kh7 38. Rf7+ (38. Kd2 $16) 38... Kg8 39. Ra7 Kf8 40. Ra8+ Kf7 41. Kd2 Nf4 42. Be5 Ng6 43. Bc3 Ke6 44. Ke3 Kd5 45. Rd8+ Kc4 46. Rd4+ Kb3 47. Rd5 Re6+ 48. Kd4 Nh4 49. f4 $1 gxf4 {[#] White must now prevent ...f3.} 50. Rxh5 Ng2 (50... f3 {keeps more tension.} 51. Rxh4 Rf6 52. Be1 f2 53. Bxf2 Rxf2 54. Kc5 Kxb2 55. Kb4 Rg2) 51. Rf5 Rh6 52. Ke4 Rxh2 53. Rf6 Rh3 54. Rxa6 Re3+ 55. Kd4 f3 56. Rf6 {Strongly threatening Bd2.} Kc2 57. Kc5 Kd3 $2 {[%mdl 8192]} (57... Kd1 $11 {and Black has nothing to worry.}) 58. Bd4 $18 ({Weaker is} 58. Kxb5 Ke2 $11) 58... Re8 (58... b4 $142 59. axb4 Re8) 59. Rxf3+ Ke4 60. Rg3 Rc8+ 61. Kxb5 Nf4 62. Bb6 Nd5 63. a4 {[%cal Ba3a4,Ba4a5,Ba5a6,Ba6a7][%mdl 32]} Nxb6 (63... Rc2 $18 64. b3 Kf4) 64. Kxb6 {KR-KR} Rb8+ 65. Ka7 Rxb2 {[#]} 66. Rg5 $1 Kd4 67. a5 Kc4 68. a6 Rb1 69. Ka8 Rb2 70. a7 Rb1 71. Rg7 Kc5 72. Rb7 $2 (72. Rg8 {mates} Kc6 73. Rc8+ Kd6 74. Rb8 Ra1 75. Kb7 Rb1+ 76. Kc8 Rc1+ 77. Kd8) 72... Rh1 $11 {The position is equal.} 73. Rb8 Rh7 74. Rc8+ Kb6 75. Rb8+ Ka6 {Accuracy: White = 56%, Black = 46%.} 1/2-1/2

[Event "Fagernes GM-A 2019"]
[Site "Fagernes"]
[Date "2019.04.14"]
[Round "1.14"]
[White "Galinsky, Timofey"]
[Black "Kizatbay, Abyl"]
[Result "1/2-1/2"]
[WhiteElo "2378"]
[BlackElo "2108"]
[Annotator "TA"]
[PlyCount "112"]
[EventDate "2019.04.14"]
[EventType "tourn"]
[EventCountry "NOR"]
[SourceTitle "playchess.com"]
[Source "ChessBase"]
[SourceQuality "1"]

{[%evp 14,112,14,15,14,-13,-1,-7,-10,0,-2,-6,-2,-18,10,-14,-4,-2,0,-15,-19,-30,-26,-61,-37,-58,-22,-254,-259,-253,-230,-369,-389,-472,-471,-435,-263,-254,-238,-222,-228,-279,-270,-269,-209,-516,-459,-572,-587,-651,-616,-723,-712,-618,-510,-480,0,-226,-232,-227,-175,-191,-193,-195,-199,-184,-111,-123,-79,-155,-144,-150,-43,-79,-50,-58,0,-79,-79,-79,-79,-79,-79,-79,-79,-79,-79,-79,-44,-76,-37,-37,-37,-37,-8,-8,-8,-8,-8,-8,-1]} 1. g3 Nf6 2. Bg2 g6 3. e4 d6 4. d4 Bg7 5. Ne2 O-O 6. O-O e5 7. Nbc3 exd4 8. Nxd4 Nc6 {B07: Pirc Defence: Miscellaneous Systems} 9. Nce2 $146 ({Predecessor:} 9. Nde2 Re8 10. h3 Bd7 11. g4 b5 12. g5 Nh5 13. Nxb5 Qc8 14. Kh2 Ne5 15. Nec3 Rb8 16. Nd4 c5 17. Nb3 Nc4 18. f4 Bc6 19. Qd3 {½-½ (28) Zakhartsov,V (2560)-Chatalbashev,B (2523) Martigny 2013}) 9... Bd7 10. c4 Re8 11. Nxc6 bxc6 12. Qc2 Rb8 13. Nc3 Qc8 14. f3 Qa6 15. b3 d5 16. cxd5 cxd5 17. Bb2 d4 $36 {[%mdl 2048] Black fights for an advantage.} 18. Nd1 Bb5 (18... Nd5 $5) 19. Rf2 Nd7 20. a4 $2 {[#]} (20. Rd2 $1 $11 {and White stays safe.}) 20... Bd3 $1 $19 {[%cal Rd3c2]} 21. Qxc7 Ne5 {Hoping for ...Rbc8.} ({Resist} 21... Rb7 22. Qc1 $17) 22. Qc1 (22. Ba3 $142) 22... Rxb3 23. Ra3 Rxa3 24. Bxa3 Qxa4 {...Nc4 is the strong threat.} 25. Bd6 Bb5 26. Bxe5 Bxe5 27. f4 Bd6 28. Bf3 Qa3 29. Nb2 $2 (29. Qxa3 Bxa3 30. Ra2) 29... a5 30. Kg2 d3 {[%cal Bd4d3,Bd3d2][%mdl 32]} 31. Rd2 Bb4 32. Rd1 {White hopes to continue with Nxd3!} d2 33. Qc2 Rd8 34. Qc7 Re8 $2 (34... Rf8 $19 35. Qb6 {[#]} Bf1+ $1 {[%mdl 512]} 36. Rxf1 Qxb2) 35. Qb7 $2 (35. Qc2 $1 $11 {and White is okay.} Qa2 36. Rg1) 35... Qxb2 36. Qxb5 Rc8 37. e5 Qd4 38. Qa6 Rc1 39. e6 Rxd1 (39... fxe6 $19 {And now ...Kf7 would win.} 40. Qxe6+ Kg7) 40. exf7+ $17 Kxf7 {( -> ...Rg1+)} 41. Bxd1 ({White should play} 41. Qb7+ Be7 42. Qb3+ Kg7 43. Bxd1) 41... Qe4+ 42. Kh3 Kg7 ({Better is} 42... Qf5+ $17 43. Kg2 Qd5+ 44. Kh3 Be7) 43. Qb5 Kf6 44. Qg5+ Kg7 (44... Kf7 $1 $15 45. Bb3+ Kg7) 45. Qe5+ (45. Qb5 $1 $11 {remains equal.}) 45... Qxe5 46. fxe5 {[%mdl 4096] Endgame KB-KB} Bc3 47. e6 Kf6 48. Bb3 {[#]} a4 $1 {[%mdl 512]} 49. Bxa4 Kxe6 50. Kg4 Kf6 51. Bc2 h5+ 52. Kf3 g5 53. Ke2 g4 54. Ba4 {The position is equal.} Kg5 55. Bd7 Ba5 56. h3 gxh3 {Accuracy: White = 49%, Black = 56%.} 1/2-1/2

[Event "Fagernes GM-A 2019"]
[Site "Fagernes"]
[Date "2019.04.15"]
[Round "2.1"]
[White "Demchenko, Anton"]
[Black "Notkevich, Benjamin Arvola"]
[Result "1-0"]
[WhiteElo "2661"]
[BlackElo "2495"]
[Annotator "TA"]
[PlyCount "89"]
[EventDate "2019.04.14"]
[EventType "tourn"]
[EventCountry "NOR"]
[SourceTitle "playchess.com"]
[Source "ChessBase"]
[SourceQuality "1"]

{[%evp 11,89,5,15,20,25,18,15,15,17,3,28,17,19,17,9,7,14,0,12,19,20,20,35,29,54,26,116,100,91,85,104,109,100,89,86,31,64,56,56,0,0,0,0,0,0,0,0,0,0,0,0,0,114,102,106,114,118,122,110,108,107,101,86,23,35,0,0,0,139,127,617,615,610,584,522,508,491,442,29974,29975]} 1. d4 Nf6 2. Nf3 e6 3. Bf4 d5 4. e3 c5 5. Nbd2 Nc6 6. c3 cxd4 7. exd4 {D02: 1 d4 d5 2 Nf3 sidelines, including 2...Nf6 3 g3 and 2...Nf6 3 Bf4} Nh5 8. Be3 (8. Bg5 f6 9. Be3 Bd6 10. g3 O-O 11. Nh4 g6 12. Be2 Ng7 13. O-O e5 14. dxe5 fxe5 {½-½ (59) Aronian,L (2767)-Nakamura,H (2777) chess.com INT 2018}) 8... Bd6 9. Ne5 {The position is equal.} g6 10. Nd3 Qc7 11. g3 O-O $146 ({Predecessor:} 11... f6 12. Bg2 Ng7 13. O-O Nf5 14. Bf4 e5 15. dxe5 fxe5 {½-½ (53) Sandipan,C (2548)-Maris,I (2342) Dieren 2018}) 12. Bg2 b6 13. O-O $36 {[%mdl 2048] White has some pressure.} Ba6 14. Nf3 Ng7 15. Re1 Nf5 16. Bc1 Rac8 17. h4 Rfe8 18. Nf4 b5 (18... Nb8 $11) 19. a3 $16 Bb7 20. Bh3 Na5 21. h5 Nc4 22. hxg6 hxg6 23. Ng5 (23. Kg2 $16) 23... Qd8 24. Nd3 Kg7 25. Qf3 (25. b3 $14 Na5 26. b4) 25... Qd7 $11 26. Bf4 f6 $1 {[%cal Rf6g5]} 27. Bxf5 exf5 28. Bxd6 Qxd6 29. Nh3 Nd2 30. Qg2 g5 31. f3 Rh8 {[#]} (31... Nc4 $11) 32. Nxg5 $1 $16 fxg5 33. Qxd2 Qxg3+ {[%mdl 64] Double Attack} 34. Qg2 Qxg2+ 35. Kxg2 {Hoping for Re7+.} Rce8 36. a4 bxa4 37. Ne5 ({Better is} 37. Rxe8 $16 Rxe8 38. Rxa4) 37... Rh6 38. Rh1 Rb6 39. Ra2 Rb8 (39... f4 $11) 40. Nd7 Re8 $2 {[%mdl 8192] [#]} (40... Bc6 $16 41. Nxb6 Rxb6) 41. Nxb6 $18 axb6 42. Rxa4 Kg6 43. Kf2 g4 44. Raa1 gxf3 (44... Kg5 $18 45. Rae1 Rxe1 46. Rxe1 Kf4 47. fxg4 fxg4) 45. Rag1+ {Accuracy: White = 73%, Black = 50%.} 1-0

[Event "Fagernes GM-A 2019"]
[Site "Fagernes"]
[Date "2019.04.15"]
[Round "2.2"]
[White "Hauge, Lars Oskar"]
[Black "Alekseev, Evgeny"]
[Result "1/2-1/2"]
[WhiteElo "2472"]
[BlackElo "2649"]
[Annotator "TA"]
[PlyCount "67"]
[EventDate "2019.04.14"]
[EventType "tourn"]
[EventCountry "NOR"]
[SourceTitle "playchess.com"]
[Source "ChessBase"]
[SourceQuality "1"]

{[%evp 15,67,4,75,74,81,82,104,83,77,73,61,72,98,46,53,45,64,79,63,1,75,79,132,0,0,0,29,34,30,0,0,0,86,77,77,4,18,1,29,6,10,4,10,0,0,0,0,0,0,0,0,0,0,0]} 1. e4 c5 2. Nc3 e6 3. f4 Nc6 4. Nf3 d5 5. Bb5 Nge7 6. exd5 exd5 7. Qe2 Qd6 8. Bxc6+ {B23: Closed Sicilian: Lines without g3} (8. d4 cxd4 9. Nxd4 g6 10. Be3 Bg7 11. O-O-O O-O 12. Qf2 Bg4 13. Rde1 Rfe8 14. h3 Bd7 15. Bxc6 bxc6 {½-½ (25) Mons,L (2461)-Nijboer,F (2546) Germany 2017}) 8... bxc6 {LiveBook: 3 Games} (8... Qxc6 $11 9. d4 Bg4) 9. O-O $16 f6 10. b3 {White is better.} Kf7 11. Ba3 Nf5 12. d4 Qc7 13. Rae1 {Strongly threatening g4.} Bd7 14. Bxc5 ({White should play} 14. dxc5 $16 Qa5 15. Na4) 14... Bxc5 15. dxc5 Rae8 $146 ({Predecessor:} 15... Qxf4) 16. Qd3 h5 17. b4 (17. Qd2 $14) 17... g6 (17... a5 $11) 18. Qd2 Qb7 (18... a5 $142) 19. b5 ({Better is} 19. Ne2 $16) 19... cxb5 $11 20. Nxd5 Rxe1 21. Rxe1 {[#] Nxf6! is the strong threat.} Re8 22. Rxe8 Bxe8 23. Ne3 Ne7 (23... Qe4 $11 {remains equal.} 24. Nxf5 Qxf5) 24. Qd3 Qc7 25. Nd4 ({White should try} 25. Qd4 $16) 25... Bd7 26. c6 Bxc6 27. Qb3+ Ke8 {The position is equal.} 28. Qe6 f5 $1 29. c4 bxc4 30. Nxc4 Bd5 31. Nd6+ Kd8 {[#] aiming for ...Qc1+.} 32. Nf7+ Ke8 33. Nd6+ Kd8 {White must now prevent ...Qc1+.} 34. Nf7+ {Precision: White = 42%, Black = 61%.} 1/2-1/2

[Event "Fagernes GM-A 2019"]
[Site "Fagernes"]
[Date "2019.04.15"]
[Round "2.3"]
[White "Vovk, Andriy"]
[Black "Santarius, Erik"]
[Result "1-0"]
[WhiteElo "2616"]
[BlackElo "2411"]
[Annotator "TA"]
[PlyCount "75"]
[EventDate "2019.04.14"]
[EventType "tourn"]
[EventCountry "NOR"]
[SourceTitle "playchess.com"]
[Source "ChessBase"]
[SourceQuality "1"]

{[%evp 9,75,2,8,11,24,18,20,10,34,26,26,22,27,34,46,20,53,54,51,41,101,0,41,32,32,43,79,77,91,83,91,89,89,87,97,103,99,83,80,74,79,71,102,91,106,115,185,175,184,177,383,385,381,374,372,372,320,333,636,630,720,707,786,710,625,580,29972,29973]} 1. e4 c6 2. d4 d5 3. e5 c5 4. dxc5 e6 5. a3 Bxc5 6. Nf3 {B12: Caro-Kann: Advance Variation} f6 (6... Bd7 {with more complications.} 7. Bd3 Ne7 8. b4 Bb6 9. O-O a6) (6... Ne7 7. Bd3 Ng6 8. O-O O-O 9. Nbd2 Nc6 10. b4 Bb6 11. Bxg6 fxg6 12. Nb3 Bd7 13. Re1 {1-0 (29) Anand,V (2773)-Mamedyarov,S (2817) Wijk aan Zee 2019}) 7. b4 Be7 8. Bb2 {The position is equal.} Nd7 9. c4 Nxe5 10. Nxe5 fxe5 11. cxd5 exd5 $146 ({Predecessor:} 11... Nf6 12. Bxe5 exd5 13. Nc3 {0-1 (65) Mamedov,R (2703)-Karthikeyan,M (2570) Caleta 2019}) 12. Bb5+ Kf8 13. Bxe5 Bf6 $1 {[%cal Rf6e5]} 14. Bxf6 Qxf6 {[#]} (14... Nxf6 $14 15. O-O Qb6) 15. Qxd5 (15. Ra2 $1 $16) 15... Ne7 (15... Qxa1 {feels hotter.} 16. Qd8+ Kf7 17. O-O Qe5 18. Bc4+ Kg6) 16. Qf3 $1 ({Don't go for} 16. Qd8+ $2 Kf7 $19) 16... Qxf3 17. gxf3 Nf5 18. Nc3 Be6 {[#]} 19. O-O-O $1 Kf7 20. Ne4 Rad8 21. Ng5+ Kf6 22. Nxe6 Kxe6 23. Rhe1+ Kf6 24. Bd7 g6 25. Re6+ Kf7 {aiming for ...Rxd7!} 26. Re5 Kf6 27. Rc5 Nh4 (27... h5 $16 {might work better.}) 28. f4 Rb8 29. Rc7 Rhd8 $2 (29... Rhf8 {is a better defense.} 30. Bg4 Nf5 31. Rxh7 Rh8) 30. Rd6+ $18 Ke7 31. Re6+ Kf8 32. Re5 Nf3 33. Re3 Nxh2 $2 (33... Nd4 34. Re4 Nf5) 34. Be6 Nf1 35. Re1 Nh2 36. Rf7+ Kg8 37. Rh1 Rbc8+ 38. Rc7+ {[%mdl 64] Discovered Attack. Accuracy: White = 86%, Black = 27%.} 1-0

[Event "Fagernes GM-A 2019"]
[Site "Fagernes"]
[Date "2019.04.15"]
[Round "2.4"]
[White "Mihajlov, Sebastian"]
[Black "Postny, Evgeny"]
[Result "0-1"]
[WhiteElo "2361"]
[BlackElo "2612"]
[Annotator "TA"]
[PlyCount "112"]
[EventDate "2019.04.14"]
[EventType "tourn"]
[EventCountry "NOR"]
[SourceTitle "playchess.com"]
[Source "ChessBase"]
[SourceQuality "1"]

{[%evp 11,112,0,0,-11,0,-19,0,0,20,0,0,0,15,17,60,23,18,0,4,3,16,4,43,36,70,79,114,99,117,100,202,176,157,131,120,120,110,133,149,151,139,125,117,106,174,146,208,211,208,198,208,208,194,102,90,0,0,0,0,-94,-64,-387,-154,-177,-183,-635,-636,-627,-620,-586,-340,-304,-174,-172,-155,-130,20,-73,-76,-100,0,-104,-118,-102,-98,-278,0,0,0,-287,-298,-288,-255,-246,0,-202,-189,-184,-174,-185,-100,-29986,-29987]} 1. e4 e5 2. Nf3 Nc6 3. Bc4 Bc5 4. c3 Nf6 5. d4 exd4 6. cxd4 Bb4+ 7. Nbd2 {C54: Giuoco Piano: 4 c3 Nf6, main lines with 5 d4 and 5 d3} (7. Bd2 Bxd2+ 8. Nbxd2 d5 9. exd5 Nxd5 10. Qb3 Na5 11. Qa4+ Nc6 12. Qb3 Na5 13. Qa4+ Nc6 14. Qb3 {½-½ (14) Matlakov,M (2700)-Vitiugov,N (2719) St Petersburg 2018}) 7... Nxe4 8. d5 {Threatens to win with 0-0.} Ne7 9. O-O {The position is equal.} Nf6 10. a3 Bd6 11. Ba2 $146 ({Predecessor:} 11. Re1 O-O 12. b4 Ng6 13. Bb2 Be7 14. Rc1 d6 {½-½ (54) Marez,S (2391)-Sykora,J (2330) ICCF email 2013}) 11... O-O 12. Nc4 Ne8 13. Re1 $36 {[%mdl 2048] White has the initiative.} b6 14. b4 Ba6 15. Nxd6 Nxd6 16. Bb2 f6 17. Rc1 {[%mdl 1024] White has compensation.} Ng6 18. Qd2 $1 Rf7 19. h4 Nf8 20. a4 Rc8 (20... b5 $16) 21. Nd4 b5 22. axb5 Bxb5 23. Nxb5 Nxb5 24. d6 Nxd6 25. Bxf7+ Nxf7 26. Bd4 a6 27. Bc5 Ne6 (27... d6 $16 {was worth a try.}) 28. Rcd1 $18 Nxc5 (28... a5 $16 29. Qa2 (29. Qxd7 Qxd7 30. Rxd7 Ne5 $16) 29... Nxc5 30. bxc5 Ra8) 29. bxc5 d6 30. Qa2 Ra8 31. Re6 {Hoping for cxd6.} Kf8 32. c6 (32. Qc2 $18) 32... Ne5 $16 33. Qd5 (33. f4 $1 $16 {[%cal Rf4e5]} Nxc6 34. Qd5) 33... Qb8 $1 $11 34. h5 {Strongly threatening h6!} Qb5 {...Qxd5 is the strong threat.} 35. Qa2 (35. Rxd6 $11 cxd6 36. Qxd6+ Kg8 37. Qe6+ Kf8 38. Qd6+ (38. c7 Qe8 $17) 38... Kf7 39. Qc7+ Kg8 40. Rd8+ Rxd8 41. Qxd8+ Kf7 42. c7) 35... h6 $1 $17 36. Rc1 $2 {[%mdl 8192] [#]} (36. Qc2 $15) 36... Rb8 $2 (36... Nf3+ $1 $19 {[%mdl 512]} 37. gxf3 Qg5+ {[%mdl 64] Double Attack} 38. Kf1 Qxc1+ {[%mdl 64] Double Attack} 39. Re1 Qxc6) 37. f4 Ng4 ({Don't take} 37... Nxc6 38. Ree1 $11) 38. Qe2 $2 (38. Re2) 38... Qxh5 $19 {( -> ...Qh2+)} 39. g3 Rb3 40. Qg2 {If only White now had time for Rxd6....} Qf5 41. Re2 Rb1 (41... Qb5 $142 42. Rce1 Kg8) 42. Qf1 Rxc1 43. Qxc1 {[%mdl 4096] Endgame KQR-KQN} Qh5 (43... Qb5 $17 44. Qc2 f5) 44. Qc3 (44. Qc4 $11 {keeps the balance.}) 44... Qd5 $1 $17 45. Rb2 {Rb8+ would now be nice for White.} f5 ({Black should try} 45... g5 $1 $17 46. Qb4 gxf4) 46. Rb1 (46. Rb8+ $11 Kf7 47. Qb3 Qxb3 48. Rxb3) 46... Nf6 $1 47. Rb8+ Kf7 48. Rb7 $2 (48. Qb3 $17) 48... Kf8 $2 (48... Qd1+ $19 49. Kg2 Qe2+ 50. Kg1 Nd5) 49. Rb8+ $11 Kf7 $2 {[%mdl 8192]} (49... Ke7 $11) 50. Rb7 $1 $19 Qd1+ 51. Kg2 Qe2+ 52. Kg1 Qd1+ 53. Kg2 {[#]} Nd5 $1 54. Qf3 Qc2+ 55. Kh3 {[#]} Qxc6 (55... Ke6 $1 $19 56. Qh5 Qxc6) 56. Ra7 $2 {[%mdl 8192] [#]} (56. Rb1 $17) 56... Nxf4+ $1 {[%mdl 512] Accuracy: White = 53%, Black = 46%.} 0-1

[Event "Fagernes GM-A 2019"]
[Site "Fagernes"]
[Date "2019.04.15"]
[Round "2.5"]
[White "Turov, Maxim"]
[Black "Vestby-Ellingsen, Mads"]
[Result "1/2-1/2"]
[WhiteElo "2584"]
[BlackElo "2333"]
[Annotator "ChessBase"]
[PlyCount "67"]
[EventDate "2019.04.14"]
[EventType "tourn"]
[EventCountry "NOR"]
[SourceTitle "playchess.com"]
[Source "ChessBase"]
[SourceQuality "1"]
[TimeControl "40/7200:3600"]

1. c4 {[%emt 0:00:02]} c5 {[%emt 0:00:20]} 2. Nc3 {[%emt 0:00:05]} Nc6 {[%emt 0:00:09]} 3. Nf3 {[%emt 0:00:10]} g6 {[%emt 0:00:11]} 4. e3 {[%emt 0:00:18]} Nf6 {[%emt 0:00:13]} 5. d4 cxd4 6. exd4 d5 {[%emt 0:00:21]} 7. cxd5 {[%emt 0:02:14]} Nxd5 8. Qb3 e6 9. Bb5 Bg7 10. O-O O-O 11. Bxc6 bxc6 12. Na4 Qc7 13. Bd2 Rb8 14. Qc2 Nb4 15. Bxb4 Rxb4 16. a3 Rb8 17. Qc3 Rd8 18. Nc5 Rd5 19. Rad1 Qd8 20. Rd2 e5 21. dxe5 Bg4 22. Rxd5 Qxd5 23. Re1 Bxf3 24. gxf3 Re8 25. f4 g5 26. Nd3 Qd7 {[%emt 0:00:12]} 27. Re3 {[%emt 1:57:11]} gxf4 28. Nxf4 Qd1+ 29. Re1 Qg4+ 30. Qg3 Qxg3+ 31. hxg3 {[%emt 0:00:00]} Rxe5 {[%emt 1:31:10]} 32. Rxe5 {[%emt 0:00:00]} Bxe5 33. Nd3 Bd6 34. Kg2 {[%emt 0:00:00]} 1/2-1/2